00451 2200205 4500001002100000005001500021035002000036245001700056100001500073250000600088300002100094260002800115082000800143084001400151020002200165600001000187990001600197990001600213990001600229INLIS00000000000003320210927013124 a0010-09210000331 aBukit Gundul0 aSeno Subro a1 a60 :bilus ;c21 bCV. Pustaka Baru,c2007 a813 a813 SEN b a978-979-1423-07-6 4aFiksi a00000000041 a00000000039 a00000000040